[Event "26.Off.Bayer.Senioren-EM 2014"]
[Site "Bergen"]
[Date "2014.06.22"]
[Round "3.6"]
[White "Knollmueller, Peter"]
[Black "Goy, Udo"]
[Result "1/2-1/2"]
[WhiteElo "1815"]
[BlackElo "2032"]
[PlyCount "101"]
[EventDate "2014.??.??"]
[WhiteTeam "SK Töging"]
[BlackTeam "Ford Schachfreunde Köln e.V."]

1. d4 Nf6 2. Nf3 e6 3. c4 b6 4. e3 Bb7 5. Bd2 Ne4 6. Bd3 Be7 7. O-O O-O 8. Nc3
Nxd2 9. Nxd2 d5 10. cxd5 exd5 11. Qh5 g6 12. Qg4 Nd7 13. f4 f5 14. Qh3 Nf6 15.
Nf3 Ne4 16. Ne5 Bf6 17. Rad1 Qe7 18. g4 Bxe5 19. Bxe4 fxg4 20. Qxg4 Bxd4 21.
Bxd5+ Bxd5 22. Nxd5 Bxe3+ 23. Kh1 Qe4+ 24. Qg2 Qxg2+ 25. Kxg2 Bc5 26. Nxc7 Rac8
27. Ne6 Rf6 28. Nxc5 Rxc5 29. Rf2 Ra5 30. b3 Kf8 31. Rd7 Rf7 32. Rxf7+ Kxf7 33.
Kf3 Kf6 34. Ke4 Rb5 35. Rd2 Rb4+ 36. Kf3 a5 37. Rd6+ Kf5 38. Rd5+ Ke6 39. Re5+
Kf6 40. h4 Rd4 41. Rb5 Rd6 42. Ke4 Ke6 43. h5 Kd7 44. a4 Re6+ 45. Kd4 Rf6 46.
Ke4 Kc6 47. hxg6 hxg6 48. Rg5 Rd6 49. Ke3 Kd7 50. Ke4 Re6+ 51. Kd4 1/2-1/2

[Event "26.Off.Bayer.Senioren-EM 2014"]
[Site "Bergen"]
[Date "2014.06.22"]
[Round "3.7"]
[White "Roeder, Gerd"]
[Black "Rueckleben, Hermann"]
[Result "1/2-1/2"]
[WhiteElo "2016"]
[BlackElo "1876"]
[PlyCount "110"]
[EventDate "2014.??.??"]
[WhiteTeam "SV Altensittenbach"]
[BlackTeam "SF Baden-Lichtental"]

1. e4 g6 2. c4 Bg7 3. d4 d6 4. Nc3 e5 5. d5 f5 6. Bd3 Nf6 7. Nge2 a5 8. f3 Na6
9. exf5 gxf5 10. Ng3 f4 11. Nge4 Nxe4 12. Nxe4 Qh4+ 13. Nf2 Nc5 14. Bc2 Qe7 15.
O-O O-O 16. Re1 Qh4 17. Bd2 b6 18. Bc3 Rf6 19. Qd2 Rh6 20. h3 Bf6 21. Ng4 Bxg4
22. fxg4 f3 23. Qf2 fxg2 24. Qxh4 Bxh4 25. Re2 Rf6 26. Kxg2 h6 27. Rf1 Rxf1 28.
Kxf1 Rf8+ 29. Kg2 Nd7 30. Bf5 Nf6 31. Be1 Bxe1 32. Rxe1 Kg7 33. Rf1 Ng8 34. Rf3
Ne7 35. Bc2 Rxf3 36. Kxf3 Ng6 37. Bxg6 Kxg6 38. h4 h5 39. g5 Kf5 40. Ke3 Kg6
41. Ke4 Kg7 42. Kf5 Kf7 43. g6+ Kg7 44. Kg5 e4 45. Kf4 Kxg6 46. Kxe4 Kf6 47. b3
Kg6 48. a3 Kf6 49. b4 axb4 50. axb4 Kg6 51. c5 b5 52. cxd6 cxd6 53. Kf4 Kf6 54.
Ke4 Kg6 55. Kf4 Kf6 1/2-1/2

[Event "26.Off.Bayer.Senioren-EM 2014"]
[Site "Bergen"]
[Date "2014.06.22"]
[Round "3.8"]
[White "Daeubler, Heinrich"]
[Black "Krafzik, Joachim"]
[Result "1-0"]
[WhiteElo "2044"]
[BlackElo "1819"]
[PlyCount "61"]
[EventDate "2014.??.??"]
[WhiteTeam "Schachclub Haselmühl"]
[BlackTeam "SC Haar 1931"]

1. d4 b6 2. e4 e6 3. Nf3 Bb7 4. Bd3 Nf6 5. Qe2 d5 6. e5 Ne4 7. Nbd2 Nxd2 8.
Bxd2 c5 9. c3 Be7 10. h4 h6 11. Rh3 Nc6 12. a3 c4 13. Bc2 Na5 14. g4 Bc6 15.
Bf4 Qd7 16. g5 hxg5 17. Bxg5 O-O-O 18. O-O-O f6 19. Bf4 Rde8 20. Rg3 Bf8 21.
Bg6 Re7 22. h5 Qd8 23. h6 Be8 24. Nh4 Qd7 25. Rh1 Nc6 26. h7 Nd8 27. Bxe8 Rxe8
28. Ng6 Nf7 29. Nxh8 Nxh8 30. exf6 gxf6 31. Rg8 1-0

[Event "26.Off.Bayer.Senioren-EM 2014"]
[Site "Bergen"]
[Date "2014.06.22"]
[Round "3.9"]
[White "Fischer, Gerd"]
[Black "Leuschner, Guenter"]
[Result "1-0"]
[WhiteElo "2008"]
[BlackElo "1755"]
[PlyCount "91"]
[EventDate "2014.??.??"]
[WhiteTeam "FC Gunzenhausen 1910 e.V"]
[BlackTeam "SK Nürnberg 1911 e.V."]

1. e4 c5 2. Nf3 d6 3. d4 cxd4 4. Nxd4 Nf6 5. Nc3 a6 6. Be2 e5 7. Nb3 Be7 8. Be3
Be6 9. O-O O-O 10. Bf3 Nbd7 11. g4 Nb6 12. Kh1 Nc4 13. Bc1 Qd7 14. Rg1 Rfd8 15.
g5 Ne8 16. Nd5 Bf8 17. Nd2 Bxd5 18. exd5 Rac8 19. Bg4 Qb5 20. Nxc4 Qxc4 21.
Bxc8 Rxc8 22. Be3 Qe4+ 23. Rg2 Rxc2 24. f3 Qxe3 25. Rxc2 Be7 26. Qe2 Qxg5 27.
Rg1 Qf5 28. Qe4 Qd7 29. Qg4 f5 30. Qc4 Kf7 31. Qc8 Qxc8 32. Rxc8 Nf6 33. Rd1 g5
34. Rc7 e4 35. fxe4 Nxe4 36. Rf1 Kf6 37. Rxb7 h5 38. Ra7 Bd8 39. Rxa6 Ke5 40.
Ra8 Bb6 41. Re8+ Kxd5 42. Rxf5+ Kd4 43. Rb5 Bc5 44. b4 Nc3 45. Rb7 Nxa2 46.
bxc5 1-0

[Event "26.Off.Bayer.Senioren-EM 2014"]
[Site "Bergen"]
[Date "2014.06.22"]
[Round "3.10"]
[White "Gerl, Hans"]
[Black "Perzl, Michael"]
[Result "1-0"]
[WhiteElo "1917"]
[BlackElo "1754"]
[PlyCount "59"]
[EventDate "2014.??.??"]
[WhiteTeam "SK Zirndorf e.V."]
[BlackTeam "TSV Trostberg"]

1. d4 d5 2. c4 e6 3. Nf3 Nf6 4. Bg5 Be7 5. Nc3 h6 6. Bh4 O-O 7. e3 a6 8. Rc1
dxc4 9. Bxc4 b5 10. Bd3 Bb7 11. O-O Nbd7 12. Qe2 c5 13. Rfd1 cxd4 14. Nxd4 Nd5
15. Bxe7 Qxe7 16. Nxd5 Bxd5 17. e4 Bb7 18. Bb1 Rac8 19. a3 Qg5 20. Rxc8 Rxc8
21. Nxe6 fxe6 22. Rxd7 Bd5 23. g3 Rc1+ 24. Kg2 Rxb1 25. exd5 exd5 26. Qe6+ Kh7
27. Rxd5 Re1 28. Qxe1 Qxd5+ 29. f3 Qd3 30. Qe4+ 1-0

[Event "26.Off.Bayer.Senioren-EM 2014"]
[Site "Bergen"]
[Date "2014.06.22"]
[Round "3.11"]
[White "Kochseder, Georg"]
[Black "Neumeister, Herbert"]
[Result "1-0"]
[WhiteElo "1892"]
[BlackElo "1716"]
[PlyCount "113"]
[EventDate "2014.??.??"]
[WhiteTeam "TV 1890 Hallstadt"]
[BlackTeam "Schachvereinigung Düren 13 Deric"]

1. e4 c5 2. Nf3 Nc6 3. b3 e5 4. Nc3 Nf6 5. h3 d6 6. Bb5 Bd7 7. O-O a6 8. Bxc6
Bxc6 9. d3 b5 10. Ne2 Be7 11. c4 O-O 12. Ng3 g6 13. Bh6 Re8 14. Nh2 Bf8 15. Qd2
Kh8 16. Bxf8 Rxf8 17. f4 Rg8 18. Qf2 Nd7 19. f5 g5 20. Nh5 Qf8 21. Ng4 f6 22.
Ne3 Qf7 23. g4 Nb6 24. Rab1 Be8 25. Qd2 b4 26. a4 a5 27. Kg2 Qf8 28. Ng3 Ra7
29. Rh1 h6 30. Qd1 Rh7 31. Rb2 Kg7 32. Kf3 Rgh8 33. Rbh2 h5 34. Kg2 h4 35. Ngf1
Bc6 36. Qc2 Kh6 37. Nd2 Qd8 38. Kf3 Rb7 39. Ra1 Rf8 40. Rhh1 Kg7 41. Rhd1 Kh6
42. Ke2 Kg7 43. Nf3 Kh6 44. Rd2 Qe7 45. Rdd1 Kg7 46. Qd2 Qd7 47. Kf2 Kh6 48.
Qc1 Kg7 49. Rg1 Rbb8 50. Rd1 Qb7 51. Nd5 Rfd8 52. Nxf6 Kxf6 53. Qxg5+ Kf7 54.
Qg6+ Kf8 55. Ng5 Be8 56. Nh7+ Ke7 57. Qe6# 1-0

[Event "26.Off.Bayer.Senioren-EM 2014"]
[Site "Bergen"]
[Date "2014.06.22"]
[Round "3.12"]
[White "Walther, Reinhard"]
[Black "Abel, Hans-Peter"]
[Result "1-0"]
[WhiteElo "1885"]
[BlackElo "1715"]
[PlyCount "95"]
[EventDate "2014.??.??"]
[WhiteTeam "SK 1911 Herzogenaurach e.V."]
[BlackTeam "SC Leinfelden"]

1. d4 d5 2. c4 c6 3. Nc3 Nf6 4. Nf3 e6 5. e3 Nbd7 6. Bd3 g6 7. cxd5 exd5 8. Qc2
Bg7 9. h3 O-O 10. Bd2 Re8 11. Rc1 Nf8 12. O-O N6d7 13. b4 a6 14. a4 Nb8 15. Qb3
Be6 16. Ne2 g5 17. Nh2 h5 18. Ng3 h4 19. Nf5 Qd7 20. Qc2 Bxf5 21. Bxf5 Ne6 22.
Ng4 Qe7 23. Qb3 Nc7 24. Rc2 Nd7 25. Rfc1 Nf6 26. Nxf6+ Bxf6 27. Bd3 Qd7 28. f3
Bd8 29. Rb2 Rf8 30. Qc2 f5 31. Bc3 Rf7 32. Rf1 Qe6 33. Qf2 Be7 34. Re2 Qh6 35.
Qe1 Bd6 36. Qb1 Raf8 37. Bd2 Qe6 38. Qc1 g4 39. hxg4 fxg4 40. f4 g3 41. Rf3 Qg4
42. Qe1 Ne6 43. Qf1 Bxf4 44. Rxf4 Rxf4 45. exf4 Nxd4 46. Re7 Nf5 47. Re5 Kg7
48. Be2 1-0

[Event "26.Off.Bayer.Senioren-EM 2014"]
[Site "Bergen"]
[Date "2014.06.22"]
[Round "3.13"]
[White "Duerr, Rainer"]
[Black "Koenigl, Anton"]
[Result "0-1"]
[WhiteElo "1861"]
[BlackElo "1696"]
[PlyCount "78"]
[EventDate "2014.??.??"]
[WhiteTeam "SC Prien"]
[BlackTeam "FC Ergolding 1932 e.V."]

1. d4 Nf6 2. Nf3 g6 3. Nc3 Bg7 4. e4 d6 5. Be3 c6 6. h3 O-O 7. Qd2 b5 8. Bd3 a6
9. Bh6 Nbd7 10. Bxg7 Kxg7 11. e5 dxe5 12. dxe5 Ne8 13. O-O-O Nc5 14. Qe3 Nxd3+
15. Rxd3 Qa5 16. Kb1 Be6 17. Nd4 Bc4 18. Nb3 Bxb3 19. cxb3 b4 20. Ne2 Nc7 21.
Nf4 Nd5 22. Nxd5 cxd5 23. e6 f6 24. Rhd1 Rfd8 25. Qd2 d4 26. Rxd4 Rxd4 27. Qxd4
Qf5+ 28. Ka1 Qxe6 29. Qxb4 Ra7 30. a3 Rc7 31. Re1 Qd7 32. Qe4 Qb5 33. b4 a5 34.
bxa5 Qxa5 35. f4 Qd2 36. Re2 Qd1+ 37. Ka2 Rc1 38. b4 Ra1+ 39. Kb2 Qc1+ 0-1

[Event "26.Off.Bayer.Senioren-EM 2014"]
[Site "Bergen"]
[Date "2014.06.22"]
[Round "3.14"]
[White "Pidtoptanyy, Igor"]
[Black "Babichev, Vyacheslav"]
[Result "1-0"]
[WhiteElo "1821"]
[BlackElo "1689"]
[PlyCount "119"]
[EventDate "2014.??.??"]
[WhiteTeam "SW Nürnberg Süd e.V."]
[BlackTeam "SW Nürnberg Süd e.V."]

1. e4 g6 2. d4 Bg7 3. Nc3 d6 4. f4 Nc6 5. d5 Nd4 6. Be3 c5 7. Qd2 Nh6 8. Nf3
Nxf3+ 9. gxf3 f5 10. e5 O-O 11. e6 Qa5 12. h4 Bxc3 13. bxc3 Kg7 14. h5 b5 15.
hxg6 hxg6 16. Kf2 Rh8 17. Be2 Bb7 18. a3 Ng8 19. Rxh8 Kxh8 20. c4 Qxd2 21. Bxd2
Kg7 22. Bc3+ Nf6 23. Rh1 a5 24. Bxf6+ Kxf6 25. Rh7 Rf8 26. Ke3 a4 27. Kd2 Ba8
28. c3 Bb7 29. Kc2 Ba8 30. Rh1 Rc8 31. Rd1 bxc4 32. Bxc4 Rb8 33. Rh1 Kg7 34.
Ba2 Rb6 35. c4 Rb7 36. Rb1 Ra7 37. Rb8 Kf6 38. Rf8+ Kg7 39. Re8 Kf6 40. Kc3 Bb7
41. Bb1 Ba6 42. Bc2 Kg7 43. Rd8 Kf6 44. Rb8 Kg7 45. Kd2 Kf6 46. Ke3 Kg7 47. Kf2
Bb7 48. Rd8 Ba6 49. Rd7 Ra8 50. Rxe7+ Kg8 51. Bd3 Bc8 52. Re8+ Kg7 53. Rd8 Rb8
54. e7 Rb2+ 55. Ke3 Bd7 56. Rxd7 Kf7 57. Rxd6 Rb3 58. Re6 Ke8 59. d6 Rb7 60.
Bc2 1-0

[Event "26.Off.Bayer.Senioren-EM 2014"]
[Site "Bergen"]
[Date "2014.06.22"]
[Round "3.16"]
[White "Hein, Manfred"]
[Black "Stadler, Lothar"]
[Result "0-1"]
[WhiteElo "1943"]
[BlackElo "1674"]
[PlyCount "80"]
[EventDate "2014.??.??"]
[WhiteTeam "FC Gunzenhausen 1910 e.V"]
[BlackTeam "SAbt SV Weiss-BL.Allianz"]

1. e4 c5 2. Nf3 d6 3. d4 cxd4 4. Nxd4 a6 5. Nc3 Nf6 6. Be2 e6 7. O-O Be7 8. Be3
O-O 9. Bf3 Ne8 10. Qd2 Nc6 11. Rfe1 Bd7 12. Be2 Nxd4 13. Bxd4 Rc8 14. Rad1 e5
15. Be3 f5 16. Qd5+ Kh8 17. Qxb7 Rb8 18. Qxa6 Rxb2 19. Qa3 Rb8 20. Nd5 Bg5 21.
exf5 Bxf5 22. Bxg5 Qxg5 23. Qe3 Qh4 24. c4 Be6 25. g3 Qd8 26. Rd2 Qa5 27. Bf1
Bxd5 28. cxd5 Nf6 29. Bg2 Ng4 30. Qd3 Nxf2 31. Qc2 Ng4 32. Qd1 Qc5+ 33. Kh1
Nf2+ 34. Rxf2 Rxf2 35. Rf1 Rbb2 36. Rg1 Rxa2 37. Qb1 Rfb2 38. Qf5 Qxd5 39. Qf8+
Qg8 40. Qxd6 Qa8 0-1

[Event "26.Off.Bayer.Senioren-EM 2014"]
[Site "Bergen"]
[Date "2014.06.22"]
[Round "3.18"]
[White "Willin, Bernhard"]
[Black "Lueders, Guenter"]
[Result "1-0"]
[WhiteElo "1807"]
[BlackElo "1659"]
[PlyCount "67"]
[EventDate "2014.??.??"]
[WhiteTeam "SC Horben"]
[BlackTeam "TSV 1883 Benshausen"]

1. Nf3 Nf6 2. c4 c5 3. Nc3 Nc6 4. g3 g6 5. Bg2 Bg7 6. O-O O-O 7. d3 d6 8. Bd2
Bd7 9. a3 a6 10. Qc2 Qc7 11. e3 Rac8 12. Rac1 Qb8 13. Qb1 b5 14. cxb5 axb5 15.
Ne2 e5 16. b4 cxb4 17. axb4 Rc7 18. Ng5 h6 19. Ne4 Nxe4 20. Bxe4 Rfc8 21. Nc3
Ne7 22. Bg2 Be6 23. Ne4 Qb6 24. Rxc7 Rxc7 25. Rc1 Bf8 26. Qb2 Nc6 27. Nf6+ Kh8
28. Nd5 Bxd5 29. Bxd5 Nd8 30. Rc3 Kg7 31. d4 exd4 32. Rxc7 Qxc7 33. Qxd4+ Kg8
34. Bc3 1-0

[Event "26.Off.Bayer.Senioren-EM 2014"]
[Site "Bergen"]
[Date "2014.06.22"]
[Round "3.19"]
[White "Wolfram, Gisbert"]
[Black "Klein, Reinhard"]
[Result "0-1"]
[WhiteElo "1637"]
[BlackElo "1803"]
[PlyCount "78"]
[EventDate "2014.??.??"]
[WhiteTeam "SU Ebersberg-Grafing"]
[BlackTeam "Münchener SC 1836 e.V."]

1. Nf3 c5 2. g3 Nc6 3. Bg2 d5 4. O-O e5 5. d3 Nf6 6. Bg5 Be7 7. Nbd2 h6 8. Bxf6
Bxf6 9. e4 d4 10. Nc4 Be6 11. a4 O-O 12. Qe2 Qd7 13. Kh1 Bg4 14. Qe1 Qc7 15.
Ng1 Nb4 16. Na3 a6 17. f3 Bd7 18. b3 b5 19. axb5 axb5 20. c3 Nxd3 21. Qe2 c4
22. bxc4 bxc4 23. cxd4 exd4 24. f4 Be7 25. Nc2 Nxf4 26. Qf2 Rxa1 27. Rxa1 Nxg2
28. Qxg2 d3 29. Ne3 Bc5 30. Nd5 Qe5 31. Rc1 Bxg1 32. Kxg1 Rc8 33. Nc3 Bc6 34.
Kf1 Re8 35. h3 f5 36. Qa2 Bxe4 37. Qxc4+ Kh7 38. Kf2 d2 39. Rd1 Bc2 0-1

[Event "26.Off.Bayer.Senioren-EM 2014"]
[Site "Bergen"]
[Date "2014.06.22"]
[Round "3.20"]
[White "Aigner, Georg"]
[Black "Schindler, Jan"]
[Result "1-0"]
[WhiteElo "1786"]
[BlackElo "1637"]
[PlyCount "103"]
[EventDate "2014.??.??"]
[WhiteTeam "TSV Dietfurt/Altm. e.V."]
[BlackTeam "SC Anderssen Nürnberg 1929 e.V."]

1. e4 e5 2. Nf3 Nf6 3. Nc3 Nc6 4. d4 exd4 5. Nxd4 Nxd4 6. Qxd4 d6 7. Be2 Be7 8.
O-O O-O 9. Re1 c6 10. Bf4 Qb6 11. Qd3 Qxb2 12. Na4 Qb5 13. Qxb5 cxb5 14. Bxb5
Bd7 15. Bxd7 Nxd7 16. Rad1 Ne5 17. Rd5 f6 18. Bxe5 fxe5 19. c4 b6 20. Kf1 Rac8
21. Rc1 Rc6 22. Ke2 Rfc8 23. Nb2 a6 24. a4 Rb8 25. Ra1 b5 26. axb5 axb5 27.
cxb5 Rc2+ 28. Rd2 Rxd2+ 29. Kxd2 Rxb5 30. Nc4 Rc5 31. Kd3 Kf7 32. Ra5 Ke6 33.
Rxc5 dxc5 34. Nb6 h5 35. Kc4 Bd8 36. Kxc5 g5 37. Na4 h4 38. h3 Ba5 39. Kc6 Be1
40. Nc5+ Kf6 41. Nd3 Bc3 42. Kd5 Ba1 43. Nc5 Ke7 44. Nd3 Kf6 45. Kd6 Bd4 46. f3
Bc3 47. Nc5 Bb4 48. Kd5 Bxc5 49. Kxc5 Ke6 50. Kc6 Ke7 51. Kd5 Kf6 52. Kd6 1-0

[Event "26.Off.Bayer.Senioren-EM 2014"]
[Site "Bergen"]
[Date "2014.06.22"]
[Round "3.21"]
[White "Kolkwitz, Klaus"]
[Black "Mahrla, Hans"]
[Result "0-1"]
[WhiteElo "1784"]
[BlackElo "1626"]
[PlyCount "52"]
[EventDate "2014.??.??"]
[WhiteTeam "ESV 1949 Eberswalde e.V."]
[BlackTeam "SC Eichenau"]

1. d4 Nf6 2. Nf3 e6 3. e3 d5 4. Bd3 c5 5. c3 Nc6 6. Nbd2 Bd6 7. dxc5 Bxc5 8.
O-O O-O 9. e4 e5 10. exd5 Qxd5 11. Qc2 h6 12. Ne4 Nxe4 13. Bxe4 Qe6 14. Rd1 Ne7
15. b4 Bb6 16. c4 f5 17. Bd5 Nxd5 18. Rxd5 Bc7 19. Bb2 e4 20. Ne5 Rd8 21. Rad1
Rxd5 22. Rxd5 b6 23. Qc3 Bb7 24. Rd7 Bxe5 25. Rxg7+ Kxg7 26. Qg3+ Kf6 0-1

[Event "26.Off.Bayer.Senioren-EM 2014"]
[Site "Bergen"]
[Date "2014.06.22"]
[Round "3.22"]
[White "Baumgartner, Andreas"]
[Black "Klueber, Werner"]
[Result "0-1"]
[WhiteElo "1618"]
[BlackElo "1769"]
[PlyCount "58"]
[EventDate "2014.??.??"]
[WhiteTeam "ASV J'Adoube Grassau SAB"]
[BlackTeam "SC Prichsenstadt"]

1. d4 d5 2. c4 c6 3. e3 Nf6 4. Nc3 e6 5. Nf3 Nbd7 6. Bd3 Be7 7. O-O O-O 8. h3
b6 9. e4 dxe4 10. Nxe4 Bb7 11. Ne5 h6 12. Nxd7 Qxd7 13. Be3 Rfd8 14. Qb3 c5 15.
Nxf6+ Bxf6 16. Qc2 cxd4 17. Bh7+ Kh8 18. Rad1 Qc6 19. f3 dxe3 20. Be4 Qc7 21.
Rfe1 Bxe4 22. Qxe4 Rac8 23. b3 Rxd1 24. Rxd1 Rd8 25. Rd3 Rxd3 26. Qxd3 Qd8 27.
Qe4 Kg8 28. Kh1 Qd1+ 29. Kh2 e2 0-1

[Event "26.Off.Bayer.Senioren-EM 2014"]
[Site "Bergen"]
[Date "2014.06.22"]
[Round "3.23"]
[White "Reimann, Guenther"]
[Black "Kammel, Rudolf"]
[Result "1/2-1/2"]
[WhiteElo "1768"]
[BlackElo "1613"]
[PlyCount "37"]
[EventDate "2014.??.??"]
[WhiteTeam "SC Magstadt"]
[BlackTeam "SC Bavaria Regensb.1881"]

1. c4 e6 2. d3 d5 3. Nd2 Nf6 4. Ngf3 b6 5. g3 Bb7 6. Bg2 Be7 7. O-O O-O 8. b3
c5 9. cxd5 exd5 10. d4 Nbd7 11. Bb2 Rc8 12. Rc1 Ne4 13. dxc5 Ndxc5 14. b4 Ne6
15. a3 f5 16. Qb3 Kh8 17. e3 Nc7 18. Rfd1 Ba6 19. Nxe4 1/2-1/2

[Event "26.Off.Bayer.Senioren-EM 2014"]
[Site "Bergen"]
[Date "2014.06.22"]
[Round "3.24"]
[White "Hansch, Klaus-Michael"]
[Black "Kunte, Herbert"]
[Result "1-0"]
[WhiteElo "1766"]
[BlackElo "1603"]
[PlyCount "49"]
[EventDate "2014.??.??"]
[WhiteTeam "SC Weisse Dame e.V."]
[BlackTeam "SK Siemens München"]

1. d4 g6 2. Nc3 Bg7 3. Bg5 Nf6 4. e4 d6 5. e5 dxe5 6. dxe5 Qxd1+ 7. Rxd1 Ng4 8.
h3 Nxe5 9. Nd5 O-O 10. Nxc7 Nbc6 11. Nxa8 Bf5 12. Nc7 Rc8 13. Nd5 f6 14. Bc1
Bxc2 15. Rd2 Bf5 16. Nc3 Bh6 17. Rd1 Bxc1 18. Rxc1 Nb4 19. Rd1 Bc2 20. Rd2 Bd3
21. Nf3 Nxf3+ 22. gxf3 Bxf1 23. Kxf1 Rc7 24. Kg2 Nc6 25. Rhd1 1-0

[Event "26.Off.Bayer.Senioren-EM 2014"]
[Site "Bergen"]
[Date "2014.06.22"]
[Round "3.25"]
[White "Braeu, Ludwig"]
[Black "Scheuerlein, Gerhard"]
[Result "1-0"]
[WhiteElo "1759"]
[BlackElo "1585"]
[PlyCount "83"]
[EventDate "2014.??.??"]
[WhiteTeam "SK Marktoberdorf"]
[BlackTeam "SK Schwabach 1907 e.V."]

1. c4 e5 2. g3 Nc6 3. Bg2 f5 4. Nc3 Nf6 5. e3 d6 6. d3 Be7 7. Nge2 Bd7 8. Rb1
a5 9. a3 Qc8 10. b4 axb4 11. axb4 O-O 12. O-O Re8 13. Bd2 Nd8 14. Qc2 c6 15.
Rfc1 Ne6 16. Qb2 g5 17. Nd5 Qd8 18. Nxe7+ Qxe7 19. f4 gxf4 20. exf4 e4 21. Bc3
Rf8 22. Bxf6 Rxf6 23. dxe4 Ng7 24. Re1 fxe4 25. Bxe4 Re6 26. Nc3 Re8 27. Re2
Qf6 28. Qd2 h5 29. Rbe1 R6e7 30. Bg2 Be6 31. Ne4 Qg6 32. Nxd6 Rd8 33. c5 h4 34.
f5 Nxf5 35. Nxf5 Rxd2 36. Nxe7+ Kf7 37. Nxg6 Rxe2 38. Rxe2 hxg3 39. Rxe6 gxh2+
40. Kxh2 Kxe6 41. Be4 Kf6 42. Kg3 1-0

[Event "26.Off.Bayer.Senioren-EM 2014"]
[Site "Bergen"]
[Date "2014.06.22"]
[Round "3.26"]
[White "Janzen, Christian"]
[Black "Kaufmann, Helmut"]
[Result "0-1"]
[WhiteElo "1579"]
[BlackElo "1742"]
[PlyCount "78"]
[EventDate "2014.??.??"]
[WhiteTeam "TSV Marienfelde 1890 e.V."]
[BlackTeam "SK Eutingen"]

1. e4 g6 2. d4 Bg7 3. c3 d6 4. Nf3 Nc6 5. Bd3 e5 6. d5 Nce7 7. h3 h6 8. Be3 f5
9. Nh2 fxe4 10. Bxe4 Nf6 11. f3 Nxe4 12. fxe4 O-O 13. Nd2 Kh7 14. Ndf3 Ng8 15.
O-O Nf6 16. Nd2 Bd7 17. Rf2 Qe7 18. Qb3 b6 19. Raf1 g5 20. c4 Be8 21. Qd3 Bg6
22. Re2 Nh5 23. Ree1 Rxf1+ 24. Nhxf1 Rf8 25. g4 Nf4 26. Bxf4 exf4 27. b3 Re8
28. Nh2 Bb2 29. Nhf3 Ba3 30. Kg2 Bc5 31. Nd4 a5 32. Nc2 Bb4 33. Nxb4 axb4 34.
Kf3 Ra8 35. Rc1 Rxa2 36. Qd4 Qg7 37. Qxg7+ Kxg7 38. Rd1 Kf6 39. Ke2 Bxe4 0-1

[Event "26.Off.Bayer.Senioren-EM 2014"]
[Site "Bergen"]
[Date "2014.06.22"]
[Round "3.27"]
[White "Wolf, Reinhard"]
[Black "Stephan, Hubert"]
[Result "1-0"]
[WhiteElo "1731"]
[BlackElo "1540"]
[PlyCount "51"]
[EventDate "2014.??.??"]
[WhiteTeam "SV Königsspringer 1929 Großauhei"]
[BlackTeam "SC Prien"]

1. e4 e5 2. Nf3 Nc6 3. d4 exd4 4. Bc4 h6 5. O-O d6 6. Nxd4 Nxd4 7. Qxd4 Qf6 8.
Qd3 Be6 9. Bxe6 Qxe6 10. Qb5+ c6 11. Qxb7 Qc8 12. Qb3 Be7 13. f4 Rb8 14. Qf3
Rb7 15. Nc3 Nf6 16. e5 Nd7 17. exd6 Bxd6 18. Re1+ Kf8 19. Ne4 Bb8 20. b3 Qc7
21. g3 f5 22. Ba3+ c5 23. Nd6 Qxd6 24. Qxb7 Qc7 25. Qd5 Nf6 26. Bxc5+ 1-0

[Event "26.Off.Bayer.Senioren-EM 2014"]
[Site "Bergen"]
[Date "2014.06.22"]
[Round "3.28"]
[White "Worschech, Roland"]
[Black "Garms, Ilse"]
[Result "1-0"]
[WhiteElo "1730"]
[BlackElo "1532"]
[PlyCount "111"]
[EventDate "2014.??.??"]
[WhiteTeam "SK 1907 Kulmbach"]
[BlackTeam "ESV 1949 Eberswalde e.V."]

1. d4 d5 2. c4 Nf6 3. Nc3 e6 4. Nf3 g6 5. b3 Bb4 6. Bd2 O-O 7. e3 c6 8. Bd3
Nbd7 9. O-O Bd6 10. h3 Ne8 11. e4 dxe4 12. Nxe4 Be7 13. Qe2 Ndf6 14. Bh6 Ng7
15. Rad1 Nxe4 16. Bxe4 f5 17. Bb1 Bf6 18. Bf4 Rf7 19. Rfe1 Bd7 20. Qe3 Nh5 21.
Be5 Bg7 22. d5 exd5 23. cxd5 cxd5 24. Rxd5 Qe8 25. Bxg7 Qxe3 26. Rxe3 Kxg7 27.
Rde5 h6 28. Bd3 Bc6 29. Bc4 Rf6 30. Nd4 a6 31. a4 Rb8 32. Re7+ Kh8 33. Rc7 Rd6
34. Ree7 Nf6 35. Nxc6 bxc6 36. Ra7 Rbd8 37. Bxa6 R6d7 38. Raxd7 Rxd7 39. Re6
Kg7 40. Rxc6 Ne4 41. Rc1 Rd2 42. f3 Ng5 43. b4 Ne6 44. Bf1 Rb2 45. b5 Nd4 46.
Rd1 Rb4 47. Ra1 Kf8 48. a5 Nxb5 49. Bxb5 Rxb5 50. a6 Rb8 51. a7 Ra8 52. Ra6 Kf7
53. Kf2 f4 54. Ke2 Kg7 55. Kd3 g5 56. Kc4 1-0

[Event "26.Off.Bayer.Senioren-EM 2014"]
[Site "Bergen"]
[Date "2014.06.22"]
[Round "3.29"]
[White "Zehfuss, Helmut"]
[Black "Peiberg, Ehrhard"]
[Result "1-0"]
[WhiteElo "1710"]
[BlackElo "1483"]
[PlyCount "39"]
[EventDate "2014.??.??"]
[WhiteTeam "SG Traunstein/Traunreut e.V."]
[BlackTeam "SC Erlangen 48/88"]

1. e4 g6 2. d4 Bg7 3. f4 d6 4. Nf3 c5 5. Be3 Bg4 6. Be2 Bxf3 7. Bxf3 Nc6 8. e5
cxd4 9. Bxc6+ bxc6 10. Qxd4 dxe5 11. fxe5 Qxd4 12. Bxd4 e6 13. Nd2 Ne7 14.
O-O-O O-O 15. Bc5 Rfe8 16. Nc4 Nd5 17. Nd6 Red8 18. Rhe1 Nb6 19. b3 Nd7 20. Nb7
1-0

[Event "26.Off.Bayer.Senioren-EM 2014"]
[Site "Bergen"]
[Date "2014.06.22"]
[Round "3.30"]
[White "Boldt, Heinrich"]
[Black "Sandner, Josef"]
[Result "1-0"]
[WhiteElo "1701"]
[BlackElo "1461"]
[PlyCount "59"]
[EventDate "2014.??.??"]
[WhiteTeam "TSV Kareth-Lappersdorf"]
[BlackTeam "SG Traunstein/Traunreut e.V."]

1. e4 c5 2. c3 d6 3. Bc4 Nf6 4. f3 g6 5. Ne2 Bg7 6. d4 cxd4 7. cxd4 O-O 8. O-O
Nc6 9. Nbc3 a6 10. a4 Bd7 11. Be3 Kh8 12. Qd2 Ng8 13. Nd5 e6 14. Ndf4 Qe7 15.
d5 Ne5 16. Bb3 Rac8 17. Rac1 Rxc1 18. Rxc1 Rc8 19. Qb4 Rxc1+ 20. Bxc1 Bc8 21.
dxe6 fxe6 22. Nd4 Nc6 23. Nxc6 bxc6 24. Qc4 d5 25. Qxc6 Qa7+ 26. Kf1 Bd7 27.
Qd6 Bd4 28. Nxe6 Bg1 29. Qe5+ Nf6 30. Qxf6+ 1-0

[Event "26.Off.Bayer.Senioren-EM 2014"]
[Site "Bergen"]
[Date "2014.06.22"]
[Round "3.31"]
[White "Schoenfelder, Heinrich"]
[Black "Huetter, Heinz"]
[Result "1/2-1/2"]
[WhiteElo "1692"]
[BlackElo "1438"]
[PlyCount "60"]
[EventDate "2014.??.??"]
[WhiteTeam "SC Tarrasch 45 München"]
[BlackTeam "SC Eichenau"]

1. d4 g6 2. e4 Bg7 3. Nf3 d6 4. c3 a6 5. a4 c6 6. Bd3 Qc7 7. O-O e6 8. Nbd2 Nd7
9. h3 Ne7 10. Re1 e5 11. Nf1 h6 12. Be3 b6 13. Qd2 Bb7 14. Rac1 g5 15. Ng3 Nf6
16. b4 Qd7 17. dxe5 dxe5 18. Nxe5 Qe6 19. Nf3 b5 20. Nf5 O-O 21. Nxe7+ Qxe7 22.
Bc5 Qe6 23. Bxf8 Rxf8 24. Nd4 Qd7 25. f3 Nh5 26. Ne2 Be5 27. Red1 Qc7 28. axb5
cxb5 29. Bc2 Qb6+ 30. Kh1 Qf2 1/2-1/2

[Event "26.Off.Bayer.Senioren-EM 2014"]
[Site "Bergen"]
[Date "2014.06.22"]
[Round "3.32"]
[White "Alefs, Willi"]
[Black "Walch, Roger"]
[Result "0-1"]
[WhiteElo "1533"]
[BlackElo "1681"]
[PlyCount "130"]
[EventDate "2014.??.??"]
[WhiteTeam "SC Fuldatal"]
[BlackTeam "SW Nürnberg Süd e.V."]

1. c4 e5 2. b3 Nc6 3. Bb2 Bc5 4. Nc3 a6 5. Nf3 d6 6. e3 Nf6 7. d3 O-O 8. Be2
Re8 9. Nd2 Ne7 10. Qc2 Nf5 11. O-O-O Bxe3 12. fxe3 Nxe3 13. Qb1 Bg4 14. Rdg1
Bxe2 15. Nxe2 d5 16. Nf1 Neg4 17. h3 Nf2 18. Rh2 e4 19. Bxf6 Qxf6 20. dxe4 dxe4
21. g3 Rad8 22. Ne3 Qf3 23. Ng4 Nd3+ 24. Kc2 Nb4+ 25. Kb2 Rd2+ 26. Ka3 Nc2+ 27.
Ka4 e3 28. b4 Qc6+ 29. Kb3 Re4 30. Qxc2 Rxc2 31. Kxc2 Rxc4+ 32. Kb3 Qe4 33. Nc3
Rxb4+ 34. Ka3 Qc4 35. Rc1 c5 36. Nxe3 Ra4+ 37. Kb2 Qb4+ 38. Ka1 Ra3 39. Rb2 Qd4
40. Rd1 Rxc3 41. Rxd4 cxd4 42. Rxb7 g6 43. Nf1 d3 44. Rb2 Rc1+ 45. Rb1 Rc2 46.
Rd1 Re2 47. g4 h5 48. Ng3 hxg4 49. Nxe2 dxe2 50. Re1 gxh3 51. Rxe2 g5 52. Kb2
Kg7 53. Kc1 g4 54. Rh2 Kg6 55. Kd2 f5 56. Ke3 Kg5 57. Kf2 Kh4 58. Kg1 f4 59.
Rf2 Kg5 60. Rd2 g3 61. Rd3 Kg4 62. a4 h2+ 63. Kh1 f3 64. a5 f2 65. Rd1 Kh3 0-1